000 00571nam a2200229Ia 4500
003 OSt
005 20221005123532.0
006 a|||||r|||| 00| 0
007 ta
008 221004b |||||||| |||| 00| 0 eng d
024 _a71510
037 _cTextual
040 _aCRL
_cCRL
_beng
041 _2eng
_aeng
082 _aV3:23xaN1, K6
245 0 _aList of cabinet papers 1915 and 1916
260 _c1966
490 _aPublic record office handbooks.; 9
650 _aHISTORY
942 _hV3:23xaN1, K6
_cTEXL
_2cc
999 _c1047715
_d1047715